| 000 | 00669nam a2200277Ia 4500 | ||
|---|---|---|---|
| 008 | 181129s9999 xx 000 0 und d | ||
| 020 | _a9780062295149 | ||
| 050 | _bO486 2014 | ||
| 100 | _aOliver, Lauren | ||
| 245 | 0 | _aPanic / | |
| 245 | 0 | _cby Lauren Oliver. | |
| 250 | _aFirst edition. | ||
| 260 | _aNew York, NY : | ||
| 260 | _bHarper, | ||
| 260 | _c2014 | ||
| 300 | _a408 pages : | ||
| 300 | _billustrations ; | ||
| 300 | _c21cm. | ||
| 650 | _aCompetition (Psychology). | ||
| 650 | _aContests -- | ||
| 650 | _aDaredevils. | ||
| 650 | _aHigh school graduates. | ||
| 650 | _aRisk-taking (Psychology). | ||
| 650 | _xGames. | ||
| 700 | _aTitle. | ||
| 999 |
_c360324 _d360324 |
||